000
00324nam a2200133Ia 4500
008
240624s9999 xx 000 0 und d
041
_a
eng
082
_a
330 CAM
100
_a
CAMERON SAMUEL
245
_a
ECONOMICS OF HATE
260
_c
2009
_a
UK
_b
Edward Elgar
300
_a
viii, : 191 : p. : cm. ; 23
365
_c
BPS
_b
38
999
_c
28229
_d
28229